Movies Cut Off at R Quiz Stats

Quiz Updated May 24, 2015

Challenge
Share
Tweet
Embed
Score 0/30 Timer 06:00
5 Plays Today
Cut Off at R Movie Title % Correct
Les MiseLes Miserables
97.2%
Saving PSaving Private Ryan
95.6%
Fatal AttFatal Attraction
95%
My FaiMy Fair Lady
92.6%
Field of DField of Dreams
91.1%
The Little MeThe Little Mermaid
89.2%
WutheWuthering Heights
87.3%
MoonstMoonstruck
85.3%
No CountNo Country for Old Men
78.8%
Coal MineCoal Miner's Daughter
77.9%
The CideThe Cider House Rules
76.6%
Young FYoung Frankenstein
73.5%
Jackie BJackie Brown
73.3%
InglouInglourious Basterds
72.9%
Do theDo the Right Thing
69.5%
Cut Off at R Movie Title % Correct
Hoop DHoop Dreams
68.4%
CabaCabaret
68%
Donnie BDonnie Brasco
66.3%
The Gay DivoThe Gay Divorcee
61.8%
Seven BSeven Brides for Seven Brothers
60.6%
GosfoGosford Park
59.4%
Hannah and HeHannah and Her Sisters
57.6%
GlengaGlengarry Glen Ross
56.2%
Witness foWitness for the Prosecution
49.6%
CimaCimarron
47.1%
An UnmaAn Unmarried Woman
43%
Cinema PaCinema Paradiso
39.2%
Captains CouCaptains Courageous
34.5%
The Sweet HeThe Sweet Hereafter
31%
ElmeElmer Gantry
26.7%

You're not logged in!

Compare scores with friends on all Sporcle quizzes.
Join for Free
OR
Log In

You Might Also Like...

Show Comments

Extras

Top Quizzes Today


Score Distribution

Your Account Isn't Verified!

In order to create a playlist on Sporcle, you need to verify the email address you used during registration. Go to your Sporcle Settings to finish the process.

Report this User

Report this user for behavior that violates our Community Guidelines.

Details: